BIBLIOTHÈQUE DE LA MAISON DU MEXIQUE

Logo 1 Logo 2

L'esprit du jeu chez les Aztèques (notice nᵒ 12510)

détails MARC
000 -Sello discográfico
campo de control de longitud fija 01005nam a2200325 4500
005 - Identificación de versión
campo de control 20251016084611.0
010 ## - Número Estándar Internacional de Libros (ISBN)
Número (ISBN) 2-7132-0062-8 (EHESS)
010 ## - Número Estándar Internacional de Libros (ISBN)
Número (ISBN) 2-7193-0947-8 (Mouton, Paris)
035 ## - Otros números de control del sistema
Número de control del sistema 27514
099 ## - fechas locales
Tipo de ítem Koha LIBRO
100 ## - Datos de procesamiento general
Datos de procesamiento general 20010102d1978 m y1spay5003 ba
105 ## - Campo de datos codificados: Material textual, monográfico
Datos codificados de monografía a 001zy
200 1# - Título y mención de responsabilidad
Título propio L'esprit du jeu chez les Aztèques
Designación general del material texto impreso
Primer mención de responsabilidad Christian Duverger
210 ## - Publicación, distribución, etc.
Lugar de publicación, distribución, etc. Paris
Nombre del editor, distribuidor, etc. Mouton Editeur
-- Ecole des Hautes Etudes en Sciences Sociales
Fecha de publicación, distribución, etc. 1978
215 ## - Descripción física
Designación de material específico y extensión del ítem 298 p
Otras características físicas il.
Dimensiones 24 cm
320 ## - Nota de índices/bibliografías internas
Texto de la nota Bibliografía: p.279-289
345 ## - Nota de información de adquisición
Fuente de adquisición/dirección de la suscripción [OBSOLETO] Compra
410 #1 - Series
Título Civilisations et Sociétés
Número de volumen 59
606 ## - Término temático usado como materia
Elemento de entrada Aztecas
Subdivisión temática Juegos
Número Koha 19239
606 ## - Término temático usado como materia
Elemento de entrada Aztecas
Subdivisión temática Ritos y ceremonias
Número Koha 11765
660 ## - Código de área geográfica
Código MX
700 ## - Nombre personal - Responsabilidad primaria
Elemento de entrada Duverger
Parte del nombre distinta del elemento de entrada Christian
Fechas 1948-
Número Koha 847
801 #0 - Fuente de origen
Agencia cm
900 ## -
-- 1/951
900 ## -
-- 7100112733\020101
942 ## - ELEMENTOS DE ENTRADA SECUNDARIOS (KOHA)
Tipo de ítem Koha Livre
996 ## -
-- MEX
-- 751145101
-- MMAG
-- 007027
-- 972.014 D985E
-- 20221121LIV
Exemplaires
Estatus retirado Estado de daño Estado de pérdida Fecha de adquisición Biblioteca de origen Biblioteca actual Ubicación en estantería Código de barras Precio de reemplazo Signatura topográfica completa No para préstamo Tipo de ítem Koha Nota pública Nota no pública
      05/08/2025 Casa México Paris Casa México Paris   007027 05/08/2025 972.014 D985E   Livre 20221121LIV 751145101